000 00420nam a2200157 a 4500
005 20140412111345.0
008 041005s19uu xx 00 eng d
020 _a971-92210-0-3
050 _aFil 808.89
_bV54 2000
100 _aReyes, Penny
245 _aAre you the forest king /
_cPenny Reyes.
260 _aPhilippines :
_bPangaea Books,
_c2000.
300 _aunp.
650 _aChildren stories
999 _c105198
_d105198